Problems of Development of Oil Fields in Eastern Siberia; AIP Conference Proceedings; Vol. 2051 : Advanced Materials with Hierarchical Structure for New Technologies and Reliable Structures 2018 (AMHS’18)

Bibliografske podrobnosti
Parent link:AIP Conference Proceedings
Vol. 2051 : Advanced Materials with Hierarchical Structure for New Technologies and Reliable Structures 2018 (AMHS’18).— 2018.— [020098, 4 p.]
Korporativna značnica: Национальный исследовательский Томский политехнический университет Инженерная школа природных ресурсов Отделение нефтегазового дела
Drugi avtorji: Gladkov E. A. Evgeny Alekseevich, Krasnoyarova N. A., Shiribon A. A., Karpova E. G. Evgenija Gennadyewna, Pham Phu Long
Izvleček:Title screen
The main problems arising during drilling and development of oil fields in Eastern Siberia are considered. A comparative analysis of the main stages of well construction in Western and Eastern Siberia has been carried out. Recommendations for reducing the time of well construction in Eastern Siberia are given.
Режим доступа: по договору с организацией-держателем ресурса
Jezik:angleščina
Izdano: 2018
Teme:
Online dostop:https://doi.org/10.1063/1.5083341
Format: Elektronski Book Chapter
KOHA link:https://koha.lib.tpu.ru/cgi-bin/koha/opac-detail.pl?biblionumber=659173

MARC

LEADER 00000nla2a2200000 4500
001 659173
005 20241007103153.0
035 |a (RuTPU)RU\TPU\network\27633 
035 |a RU\TPU\network\27632 
090 |a 659173 
100 |a 20190124a2018 k y0engy50 ba 
101 0 |a eng 
105 |a y z 100zy 
135 |a drcn ---uucaa 
181 0 |a i  
182 0 |a b 
200 1 |a Problems of Development of Oil Fields in Eastern Siberia  |f E. A. Gladkov [et al.] 
203 |a Text  |c electronic 
300 |a Title screen 
320 |a [References: 7 tit.] 
330 |a The main problems arising during drilling and development of oil fields in Eastern Siberia are considered. A comparative analysis of the main stages of well construction in Western and Eastern Siberia has been carried out. Recommendations for reducing the time of well construction in Eastern Siberia are given. 
333 |a Режим доступа: по договору с организацией-держателем ресурса 
461 0 |0 (RuTPU)RU\TPU\network\4816  |t AIP Conference Proceedings 
463 0 |0 (RuTPU)RU\TPU\network\27575  |t Vol. 2051 : Advanced Materials with Hierarchical Structure for New Technologies and Reliable Structures 2018 (AMHS’18)  |o Proceedings of the International conference, 1–5 October 2018, Tomsk, Russia  |f National Research Tomsk Polytechnic University (TPU); eds. V. E. Panin, S. G. Psakhie, V. M. Fomin  |v [020098, 4 p.]  |d 2018 
610 1 |a электронный ресурс 
610 1 |a труды учёных ТПУ 
610 1 |a разработки 
610 1 |a нефтяные месторождения 
610 1 |a Восточная Сибирь 
610 1 |a бурение 
610 1 |a строительство 
610 1 |a скважины 
701 1 |a Gladkov  |b E. A.  |c specialist in the field of oil and gas business  |c Associate Professor of Tomsk Polytechnic University, Candidate of geological and mineralogical sciences  |f 1974-  |g Evgeny Alekseevich  |3 (RuTPU)RU\TPU\pers\30920 
701 1 |a Krasnoyarova  |b N. A. 
701 1 |a Shiribon  |b A. A. 
701 1 |a Karpova  |b E. G.  |c Fachmann auf dem Gebiet des Erdöl- und Erdgaswesens  |c Dozent an der Polytechnischen Universitдt Tomsk  |f 1970-  |g Evgenija Gennadyewna  |3 (RuTPU)RU\TPU\pers\31035  |9 15265 
701 0 |a Pham Phu Long 
712 0 2 |a Национальный исследовательский Томский политехнический университет  |b Инженерная школа природных ресурсов  |b Отделение нефтегазового дела  |3 (RuTPU)RU\TPU\col\23546 
801 2 |a RU  |b 63413507  |c 20190124  |g RCR 
856 4 |u https://doi.org/10.1063/1.5083341 
942 |c CF